Odpadnięcia polskich klubów w LK(E)/kwalifikacjach - 2025.11. - Statystyki

Ogólne statystyki
  • Ten quiz został rozwiązany 11 razy
  • Średni wynik to 9 z 14
Statystyki odpowiedzi
Sezon Polski klub Etap rozgrywek Wynik (dwu)meczu Rywal(e) % Poprawnych
2024/2025 Legia Warszawa Ćwierćfinał 2-4 Chelsea
100%
2024/2025 Jagiellonia Białystok Ćwierćfinał 1-3 Real Betis
100%
2022/2023 Lech Poznań Ćwierćfinał 4-6 Fiorentina
91%
2024/2025 Wisła Kraków Q4 5-7 Cercle Brugge
82%
2024/2025 Śląsk Wrocław Q3 3-4 FC Sankt Gallen
73%
2023/2024 Pogoń Szczecin Q3 2-6 KAA Gent
73%
2023/2024 Legia Warszawa Runda play-off fazy pucharowej 2-6 Molde FK
73%
2023/2024 Lech Poznań Q3 3-4 Spartak Trnawa
64%
2022/2023 Pogoń Szczecin Q2 1-5 Brøndby IF
45%
2021/2022 Raków Częstochowa Q4 1-3 KAA Gent
45%
2021/2022 Pogoń Szczecin Q2 0-1 NK Osijek
45%
2022/2023 Lechia Gdańsk Q2 1-2 Rapid Wiedeń
45%
2022/2023 Raków Częstochowa Q4 2-3 (dogr.) Slavia Praga
45%
2021/2022 Śląsk Wrocław Q3 2-5 Hapoel Beer Szewa
9%
Nie znaleziono quizów pasujących do podanych kryteriów
Rozkład punktacji
Procent ludzi z każdym wynikiem
Percentyl według liczby udzielonych odpowiedzi
Twoja historia wyników
Nie rozwiązałeś tego quizu